000 00293nam a22001337a 4500
008 170530b xxu||||| |||| 00| 0 eng d
020 _a0664213812
041 _aeng
080 _23RD
_a94(100)
100 _a17
101 _aSHH
245 _aA HISTORY OF ISRAEL
_cBRIGHT,J
942 _2udc
_cBK
999 _c15072
_d15072